<?xml version="1.0" encoding="UTF-8"?>
<record
    xmlns:xsi="http://www.w3.org/2001/XMLSchema-instance"
    xsi:schemaLocation="http://www.loc.gov/MARC21/slim http://www.loc.gov/standards/marcxml/schema/MARC21slim.xsd"
    xmlns="http://www.loc.gov/MARC21/slim">

  <leader>00967nac a22002051u 4500</leader>
  <controlfield tag="008">090318s2004    xxu||||| |||| 00| 0 ara d</controlfield>
  <datafield tag="020" ind1=" " ind2=" ">
    <subfield code="a">9770910902 </subfield>
  </datafield>
  <datafield tag="082" ind1=" " ind2=" ">
    <subfield code="a">320.941</subfield>
    <subfield code="b">&#x633; &#x64A; &#x644;</subfield>
  </datafield>
  <datafield tag="100" ind1="1" ind2=" ">
    <subfield code="a">&#x633;&#x64A;&#x644;&#x643; &#x60C; &#x628;&#x648;&#x644;</subfield>
    <subfield code="9">20313</subfield>
  </datafield>
  <datafield tag="245" ind1=" " ind2=" ">
    <subfield code="a">&#x643;&#x64A;&#x641; &#x64A;&#x639;&#x645;&#x644; &#x627;&#x644;&#x628;&#x631;&#x644;&#x645;&#x627;&#x646;&#x61F; /</subfield>
    <subfield code="c">&#x628;&#x648;&#x644; &#x633;&#x64A;&#x644;&#x643; &#x60C; &#x631;&#x648;&#x62F;&#x631;&#x649; &#x648;&#x627;&#x644;&#x62A;&#x631;&#x632; &#x61B; &#x62A;&#x639;&#x631;&#x64A;&#x628; &#x639;&#x644;&#x649; &#x627;&#x644;&#x635;&#x627;&#x648;&#x649;</subfield>
  </datafield>
  <datafield tag="260" ind1=" " ind2=" ">
    <subfield code="a">&#x627;&#x644;&#x642;&#x627;&#x647;&#x631;&#x629; :</subfield>
    <subfield code="b">&#x645;&#x643;&#x62A;&#x628;&#x629; &#x627;&#x644;&#x634;&#x631;&#x648;&#x642; &#x627;&#x644;&#x62F;&#x648;&#x644;&#x64A;&#x629; &#x60C;2004</subfield>
    <subfield code="c">2004.</subfield>
  </datafield>
  <datafield tag="300" ind1=" " ind2=" ">
    <subfield code="a">431 &#x635; &#x61B;</subfield>
    <subfield code="c">20 &#x633;&#x645;.</subfield>
  </datafield>
  <datafield tag="500" ind1=" " ind2=" ">
    <subfield code="a">&#x64A;&#x62D;&#x62A;&#x648;&#x649; &#x639;&#x644;&#x649; &#x641;&#x647;&#x627;&#x631;&#x633;</subfield>
  </datafield>
  <datafield tag="511" ind1=" " ind2=" ">
    <subfield code="a">Catalogued by: Sara</subfield>
  </datafield>
  <datafield tag="651" ind1=" " ind2=" ">
    <subfield code="9">21753</subfield>
    <subfield code="a">&#x628;&#x631;&#x64A;&#x637;&#x627;&#x646;&#x64A;&#x627;</subfield>
    <subfield code="x">&#x627;&#x644;&#x647;&#x64A;&#x626;&#x627;&#x62A; &#x627;&#x644;&#x62A;&#x634;&#x631;&#x64A;&#x639;&#x64A;&#x629;</subfield>
  </datafield>
  <datafield tag="700" ind1=" " ind2=" ">
    <subfield code="9">20344</subfield>
    <subfield code="a">&#x648;&#x627;&#x644;&#x62A;&#x631;&#x632; &#x60C; &#x631;&#x648;&#x62F;&#x631;&#x649;</subfield>
  </datafield>
  <datafield tag="700" ind1=" " ind2=" ">
    <subfield code="9">20345</subfield>
    <subfield code="a">&#x627;&#x644;&#x635;&#x627;&#x648;&#x649; &#x60C; &#x639;&#x644;&#x649;</subfield>
    <subfield code="e">&#x62A;&#x639;&#x631;&#x64A;&#x628;</subfield>
  </datafield>
  <datafield tag="942" ind1=" " ind2=" ">
    <subfield code="c">BB</subfield>
    <subfield code="k">320.941&#x633; &#x64A; &#x644;</subfield>
    <subfield code="2">ddc</subfield>
  </datafield>
  <datafield tag="999" ind1=" " ind2=" ">
    <subfield code="c">5576</subfield>
    <subfield code="d">5576</subfield>
  </datafield>
  <datafield tag="952" ind1=" " ind2=" ">
    <subfield code="0">0</subfield>
    <subfield code="1">0</subfield>
    <subfield code="2">ddc</subfield>
    <subfield code="4">0</subfield>
    <subfield code="7">0</subfield>
    <subfield code="8">Alef-Baa</subfield>
    <subfield code="a">MAIN</subfield>
    <subfield code="b">MAIN</subfield>
    <subfield code="c">1ST</subfield>
    <subfield code="d">2011-01-09</subfield>
    <subfield code="e">purchase</subfield>
    <subfield code="g">30.00</subfield>
    <subfield code="h">11396</subfield>
    <subfield code="o">320.941 &#x633; &#x64A; &#x644;</subfield>
    <subfield code="p">000006937</subfield>
    <subfield code="r">2025-07-15 00:00:00</subfield>
    <subfield code="s">2018-11-27</subfield>
    <subfield code="y">BB</subfield>
  </datafield>
</record>
